[Event "BLR-ch sf"]
[Site "Minsk"]
[Date "2023.12.14"]
[Round "8"]
[White "Kasperovich, Valery"]
[Black "Tylkov, Timofey"]
[Result "1-0"]
[WhiteElo "1257"]
[BlackElo "1282"]
[PlyCount "47"]
[EventDate "2023.12.07"]
[EventType "swiss"]
[EventRounds "9"]
[EventCountry "BLR"]
[SourceTitle "CB51_2023"]
[SourceDate "2023.12.20"]
[SourceVersion "1"]
[SourceVersionDate "2023.12.20"]
[SourceQuality "1"]

1. e4 c5 2. c3 g6 3. d4 cxd4 4. cxd4 Bg7 5. Nf3 d6 6. Nc3 Nf6 7. Bc4 0-0 8. h4 Bg4 9. Qb3 Nc6 10. Ng5 Nxd4 11. Nxf7 Rxf7 12. Bxf7+ Kf8 13. Qa4 Nd7 14. f3 Bxf3 15. gxf3 Kxf7 16. Rf1 Nc5 17. Qd1 Bf6 18. Bg5 Bxg5 19. hxg5 Nc6 20. Qe2 Ne5 21. 0-0-0 a6 22. f4 Nc6 23. Qh2 Kg8 24. Rh1 1-0

[Event "BLR-ch sf"]
[Site "Minsk"]
[Date "2023.12.08"]
[Round "2"]
[White "Luhinin, Maksim"]
[Black "Kasperovich, Valery"]
[Result "1-0"]
[WhiteElo "1457"]
[BlackElo "1257"]
[PlyCount "137"]
[EventDate "2023.12.07"]
[EventType "swiss"]
[EventRounds "9"]
[EventCountry "BLR"]
[SourceTitle "CB51_2023"]
[SourceDate "2023.12.20"]
[SourceVersion "1"]
[SourceVersionDate "2023.12.20"]
[SourceQuality "1"]

1. d4 Nf6 2. c4 e6 3. Nc3 b6 4. e4 Bb7 5. f3 d6 6. Bd3 Be7 7. Nge2 Nbd7 8. 0-0 0-0 9. f4 c5 10. d5 a6 11. Ng3 Qc7 12. a4 Rfe8 13. b3 Bf8 14. Bb2 Rac8 15. Qc2 Ng4 16. Qe2 Ngf6 17. Qd2 g6 18. Rae1 Bg7 19. Nd1 Ng4 20. h3 Nh6 21. Bxg7 Kxg7 22. Qb2+ Kg8 23. Re2 Re7 24. Nh1 Rce8 25. Rfe1 Qd8 26. g4 f6 27. Ne3 a5 28. g5 fxg5 29. fxg5 Nf7 30. Ng4 Nfe5 31. Nh6+ Kg7 32. Rf1 Rf8 33. Rxf8 Qxf8 34. Rf2 Qe8 35. Be2 Nf8 36. Bg4 Bc8 37. Rf6 exd5 38. cxd5 Bxg4 39. hxg4 Qd8 40. Ng3 Rc7 41. Ne2 Nfd7 42. Nf4 Qc8 43. Ne6+ Kh8 44. Nxc7 Nxf6 45. Ne6 Nfd7 46. Nf7+ Kg8 47. Nh6+ Kh8 48. Nf7+ Kg8 49. Nxd6 Qa6 50. Nc4 Nf3+ 51. Kf2 Nd4 52. Nxd4 cxd4 53. Qxd4 Qc8 54. e5 Qf8+ 55. Ke2 Qb4 56. e6 Qe7 57. Qe3 Nc5 58. d6 Qxe6 59. Qxe6+ Nxe6 60. Nxb6 Kf7 61. Nc4 Nxg5 62. Nxa5 Ne4 63. Nb7 Ke6 64. b4 Nf6 65. Kf3 Nd5 66. b5 Nc3 67. Nc5+ Kf7 68. b6 Nd5 69. b7 1-0